Parole "briller" - Kpop demon hunter - Statistiques

Statistiques générales
  • Ce quiz a été pris 442 fois
  • Le résultat moyen est 225 sur 296
Statistiques - réponses
Hint Réponse % Correct
A
97%
a
97%
à
97%
J'
97%
j'
97%
n'
97%
Je
96%
je
96%
l'
96%
d'
95%
m'
94%
de
93%
en
93%
le
93%
me
91%
briller
90%
on
89%
On
89%
ne
88%
pour
88%
ai
87%
enfin
86%
la
86%
86%
veux
85%
cache
84%
caché
84%
Couplet 1 Dans
84%
ma
84%
Moi
84%
moi
84%
suis
84%
efface
83%
enfance
83%
Rumi Si
83%
depuis
82%
les
82%
Les
82%
nuit
82%
place
82%
qui
82%
travers
82%
assez
81%
que
81%
top
81%
ces
80%
nous
80%
Nous
80%
silence
80%
moment
79%
notre
79%
vie
79%
vise
79%
est
78%
Et
78%
et
78%
trouver
78%
faire
77%
lumière
77%
mon
77%
née
77%
pas
77%
Rien
77%
trop
77%
C'est
76%
comment
76%
face
76%
Face
76%
Mais
76%
besoin
75%
bruit
75%
deux
75%
bien
74%
fais
74%
peur
74%
pourra
74%
cette
73%
Zoey Entre
73%
Mise
73%
arrêter
72%
audace
72%
vies
72%
traversé
71%
aujourd'hui
70%
connais
70%
tant
70%
venues
70%
conflits
68%
épreuves
68%
guerrières
68%
se
66%
voie
66%
Oh
65%
voix
65%
ennemi
62%
puissantes
62%
regarde-moi
62%
dis-moi
61%
nos
60%
va
60%
avant
59%
des
58%
marques
56%
op
56%
veut
55%
loin
54%
Ensemble
53%
pouvais
52%
secrets
52%
fois
51%
peut
50%
J'ai
49%
sont
49%
effacer
48%
être
48%
erreurs
46%
menti
46%
Telle
46%
aux
45%
dépasser
45%
passé
45%
oui
44%
Oui
44%
par
44%
Car
42%
encore
42%
chantent
41%
sommes
41%
sais
37%
qu'on
35%
Ensembles
33%
Unies
24%
devant
20%
Ova
1%
Aucun quiz correspondant
Distribution des résultats
% des personnes avec chaque résultat
Percentile par nombre de réponses
Votre historique - résultats
Vous n’avez pas pris ce quiz